[Event "FICGS class A 000036 email"]
[Site "FICGS email"]
[Date "2008.02.25"]
[Round "1"]
[White "Musil, Stanislav"]
[Black "Godat, Terry"]
[Result "0-1"]
[WhiteElo "2075"]
[BlackElo "2036"]
[PlyCount "56"]
[EventDate "2008.??.??"]
[EventType "tourn (corr)"]
[EventRounds "6"]
[SourceTitle "Corr 2022"]
[Source "ChessBase"]
[SourceDate "2021.10.24"]
[SourceVersion "1"]
[SourceVersionDate "2021.10.24"]
[SourceQuality "1"]

1. c4 g6 2. Nc3 Bg7 3. Nf3 c5 4. g3 Nc6 5. Bg2 e5 6. 0-0 Nge7 7. a3 0-0 8. Ne1 d6 9. Nc2 Be6 10. Ne3 Qd7 11. d3 Bh3 12. Bxh3 Qxh3 13. f3 f5 14. Ned5 Nxd5 15. Nxd5 Rf7 16. Rf2 Raf8 17. Qf1 Qxf1+ 18. Kxf1 e4 19. Rb1 Ne5 20. f4 Ng4 21. Rg2 Re8 22. b4 b6 23. h3 Nf6 24. Nc3 Rd7 25. Bb2 exd3 26. exd3 Re3 27. Rd1 Nh5 28. Kf2 Bd4 0-1

[Event "FICGS class A 000033 email"]
[Site "FICGS email"]
[Date "2008.01.02"]
[Round "1"]
[White "Gray, Garvin"]
[Black "Musil, Stanislav"]
[Result "1-0"]
[WhiteElo "2071"]
[BlackElo "2075"]
[PlyCount "47"]
[EventDate "2008.??.??"]
[EventType "tourn (corr)"]
[EventRounds "6"]
[SourceTitle "Corr 2022"]
[Source "ChessBase"]
[SourceDate "2021.10.24"]
[SourceVersion "1"]
[SourceVersionDate "2021.10.24"]
[SourceQuality "1"]

1. d4 Nf6 2. c4 g6 3. Nc3 Bg7 4. e4 0-0 5. f4 d6 6. Nf3 c5 7. d5 a6 8. a4 e5 9. fxe5 Ng4 10. exd6 Qxd6 11. Bd3 Nd7 12. 0-0 Bd4+ 13. Kh1 Nde5 14. Nxe5 Bxe5 15. h3 Bxc3 16. hxg4 Be5 17. Bh6 Re8 18. Qf3 Re7 19. Bg5 Rc7 20. a5 h6 21. Be3 f6 22. Ra3 Rb8 23. Rb3 b5 24. axb6 1-0

[Event "FICGS class A 000031 email"]
[Site "FICGS email"]
[Date "2007.11.17"]
[Round "1"]
[White "Domingo Gadea, Jordi"]
[Black "Musil, Stanislav"]
[Result "1-0"]
[WhiteElo "2216"]
[BlackElo "2071"]
[PlyCount "63"]
[EventDate "2007.??.??"]
[EventType "tourn (corr)"]
[EventRounds "6"]
[SourceTitle "Corr 2022"]
[Source "ChessBase"]
[SourceDate "2021.10.24"]
[SourceVersion "1"]
[SourceVersionDate "2021.10.24"]
[SourceQuality "1"]

1. e4 c5 2. Nf3 Nc6 3. d4 cxd4 4. Nxd4 Nf6 5. Nc3 e5 6. Ndb5 d6 7. Bg5 a6 8. Na3 b5 9. Nd5 Qa5+ 10. Bd2 Qd8 11. Nxf6+ Qxf6 12. Bd3 Be7 13. 0-0 0-0 14. c4 Qg6 15. Be3 Nb4 16. Bb1 bxc4 17. Nxc4 Bh3 18. Qf3 Bg4 19. Qg3 Qh5 20. Bd2 Be2 21. Rc1 Bxc4 22. Bxb4 Bg5 23. Re1 Bf4 24. Qh3 Qxh3 25. gxh3 Rfb8 26. Bc3 Kf8 27. Bc2 Be6 28. Red1 Ke7 29. Kg2 g5 30. Bd3 h5 31. f3 a5 32. a4 1-0

[Event "FICGS class A 000031 email"]
[Site "FICGS email"]
[Date "2007.11.17"]
[Round "1"]
[White "Godat, Terry"]
[Black "Musil, Stanislav"]
[Result "1-0"]
[WhiteElo "2083"]
[BlackElo "2071"]
[PlyCount "75"]
[EventDate "2007.??.??"]
[EventType "tourn (corr)"]
[EventRounds "6"]
[SourceTitle "Corr 2022"]
[Source "ChessBase"]
[SourceDate "2021.10.24"]
[SourceVersion "1"]
[SourceVersionDate "2021.10.24"]
[SourceQuality "1"]

1. e4 c5 2. Nf3 e6 3. Nc3 Nc6 4. d4 cxd4 5. Nxd4 Nf6 6. Ndb5 d6 7. Bf4 e5 8. Bg5 a6 9. Na3 Be6 10. Nc4 Rc8 11. Bxf6 gxf6 12. Ne3 Bh6 13. Bd3 Bxe3 14. fxe3 Qb6 15. Qc1 Rg8 16. 0-0 Kf8 17. Rxf6 Ne7 18. Kh1 Kg7 19. Rf2 Kh8 20. Rb1 Rg6 21. Qd2 Rg7 22. Bf1 Qd8 23. Rd1 Rc6 24. Nd5 Nc8 25. c4 Nb6 26. b3 Qh4 27. Qe1 Nd7 28. Rf3 Qxe1 29. Rxe1 Rc8 30. Ne7 Rd8 31. Nf5 Bxf5 32. Rxf5 Nc5 33. g3 Rd7 34. Rd1 Nxe4 35. Bg2 Nc3 36. Rd2 e4 37. Rf4 b5 38. c5 1-0

[Event "FICGS class A 000031 email"]
[Site "FICGS email"]
[Date "2007.11.17"]
[Round "1"]
[White "Markus, Roland"]
[Black "Musil, Stanislav"]
[Result "1-0"]
[WhiteElo "2140"]
[BlackElo "2071"]
[PlyCount "39"]
[EventDate "2007.??.??"]
[EventType "tourn (corr)"]
[EventRounds "6"]
[SourceTitle "Corr 2022"]
[Source "ChessBase"]
[SourceDate "2021.10.24"]
[SourceVersion "1"]
[SourceVersionDate "2021.10.24"]
[SourceQuality "1"]

1. e4 Nf6 2. e5 Nd5 3. d4 d6 4. Nf3 Nc6 5. c4 Nb6 6. e6 fxe6 7. Be3 e5 8. d5 Nd4 9. Nxd4 exd4 10. Bxd4 e5 11. dxe6 Bxe6 12. Bd3 c5 13. Bc3 d5 14. 0-0 d4 15. Ba5 Qf6 16. Na3 Kf7 17. Re1 Bd6 18. Nb5 Bf4 19. Qf3 Raf8 20. g3 1-0

[Event "FICGS class A 000029 email"]
[Site "FICGS email"]
[Date "2007.10.20"]
[Round "1"]
[White "Nucci, Luciano"]
[Black "Musil, Stanislav"]
[Result "1-0"]
[WhiteElo "2072"]
[BlackElo "2034"]
[PlyCount "45"]
[EventDate "2007.??.??"]
[EventType "tourn (corr)"]
[EventRounds "6"]
[SourceTitle "Corr 2022"]
[Source "ChessBase"]
[SourceDate "2021.10.24"]
[SourceVersion "1"]
[SourceVersionDate "2021.10.24"]
[SourceQuality "1"]

1. d4 Nf6 2. c4 c5 3. d5 e6 4. Nc3 exd5 5. cxd5 d6 6. e4 g6 7. f4 Bg7 8. Bb5+ Nfd7 9. a4 0-0 10. Nf3 Na6 11. 0-0 Nc7 12. Bd3 f5 13. exf5 gxf5 14. Qb3 Nf6 15. Bd2 h6 16. Rae1 Qd7 17. Nh4 Ng4 18. g3 Bd4+ 19. Kg2 Qh7 20. h3 Nf6 21. g4 Qg7 22. g5 Nh7 23. Re6 1-0

[Event "FICGS W-ch st1 g09 email"]
[Site "FICGS email"]
[Date "2007.07.11"]
[Round "1"]
[White "Markus, Roland"]
[Black "Musil, Stanislav"]
[Result "1/2-1/2"]
[WhiteElo "2125"]
[BlackElo "1990"]
[PlyCount "125"]
[EventDate "2007.??.??"]
[EventType "tourn (corr)"]
[EventRounds "8"]
[SourceTitle "Corr 2022"]
[Source "ChessBase"]
[SourceDate "2021.10.24"]
[SourceVersion "1"]
[SourceVersionDate "2021.10.24"]
[SourceQuality "1"]

1. e4 c5 2. c3 d6 3. Nf3 Nf6 4. h3 Nc6 5. d3 e5 6. Be2 Be7 7. 0-0 0-0 8. c4 Ne8 9. Nc3 Nc7 10. Bd2 f5 11. Nd5 Bf6 12. Rb1 Nxd5 13. exd5 Ne7 14. b4 cxb4 15. Bxb4 b5 16. cxb5 Nxd5 17. d4 Nxb4 18. Qb3+ Kh8 19. dxe5 dxe5 20. Qxb4 Bb7 21. Rfd1 Qe8 22. Rbc1 e4 23. Nd4 f4 24. Rc7 f3 25. Rxb7 Qc8 26. Nxf3 Qxb7 27. Nd2 Rae8 28. Nc4 Be7 29. Qe1 Qc7 30. Ne3 Bc5 31. Qc3 Qf7 32. Qxc5 Qxf2+ 33. Kh2 Qxe2 34. Rd7 Qxa2 35. Rxa7 Qb2 36. Rc7 Rb8 37. Nc4 Qf6 38. b6 Qf4+ 39. Kh1 h6 40. Ne3 Rf6 41. Nd5 Qf1+ 42. Qg1 Rff8 43. Kh2 Qxg1+ 44. Kxg1 e3 45. Nxe3 Rxb6 46. Rc2 Re6 47. Ng4 Kh7 48. Kh2 h5 49. Nf2 g5 50. Nd3 Rfe8 51. Rc5 Kh6 52. Rb5 h4 53. Nf2 Re1 54. Ng4+ Kg6 55. Rc5 R1e6 56. Ra5 Re1 57. Rc5 R8e6 58. Ra5 R1e4 59. Rd5 Kh5 60. Ra5 Rxg4 61. hxg4+ Kxg4 62. Ra2 Re4 63. Rc2 1/2-1/2

[Event "FICGS W-ch st1 g09 email"]
[Site "FICGS email"]
[Date "2007.07.11"]
[Round "1"]
[White "Musil, Stanislav"]
[Black "Bester, Kazimierz"]
[Result "1-0"]
[WhiteElo "1990"]
[BlackElo "1600"]
[PlyCount "71"]
[EventDate "2007.??.??"]
[EventType "tourn (corr)"]
[EventRounds "8"]
[SourceTitle "Corr 2022"]
[Source "ChessBase"]
[SourceDate "2021.10.24"]
[SourceVersion "1"]
[SourceVersionDate "2021.10.24"]
[SourceQuality "1"]

1. f4 g6 2. Nf3 Bg7 3. e4 c5 4. Bc4 e6 5. 0-0 a6 6. Be2 Nc6 7. Na3 Nge7 8. c3 d6 9. Nc2 0-0 10. Qe1 Rb8 11. d4 b5 12. dxc5 dxc5 13. Be3 c4 14. b3 cxb3 15. axb3 Re8 16. Nfd4 e5 17. fxe5 Nxe5 18. Nb4 Bb7 19. Nxa6 Bxa6 20. Rxa6 Qc8 21. Ra5 N7c6 22. Rxb5 Ra8 23. Rc5 Qb7 24. Bb5 Rac8 25. Qe2 Nxd4 26. cxd4 Rxc5 27. dxc5 Rb8 28. c6 Nxc6 29. Bc4 Na5 30. Rxf7 Qb4 31. Rxg7+ Kxg7 32. Qb2+ Kf8 33. Qf6+ Ke8 34. Qf7+ Kd8 35. Bg5+ Kc8 36. Be6# 1-0

[Event "FICGS class C 000019 email"]
[Site "FICGS email"]
[Date "2007.03.22"]
[Round "1"]
[White "Musil, Stanislav"]
[Black "Gaffagan, Steven"]
[Result "1-0"]
[WhiteElo "1828"]
[BlackElo "2037"]
[PlyCount "39"]
[EventDate "2007.??.??"]
[EventType "tourn (corr)"]
[EventRounds "1"]
[SourceTitle "Corr 2022"]
[Source "ChessBase"]
[SourceDate "2021.10.24"]
[SourceVersion "1"]
[SourceVersionDate "2021.10.24"]
[SourceQuality "1"]

1. e4 c5 2. f4 d5 3. exd5 Nf6 4. Bb5+ Bd7 5. Bxd7+ Qxd7 6. c4 e6 7. dxe6 Qxe6+ 8. Qe2 Nc6 9. Qxe6+ fxe6 10. Nc3 Nb4 11. Ke2 Nc2 12. Rb1 Nd4+ 13. Kd1 0-0-0 14. d3 Be7 15. Nh3 Ng4 16. Ne4 Rhf8 17. b3 e5 18. fxe5 Nxe5 19. Nf4 Rf7 20. Be3 1-0

[Event "FICGS class C 000019 email"]
[Site "FICGS email"]
[Date "2007.03.22"]
[Round "1"]
[White "Musil, Stanislav"]
[Black "Weglicki, Slawomir"]
[Result "1-0"]
[WhiteElo "1828"]
[BlackElo "1800"]
[PlyCount "53"]
[EventDate "2007.??.??"]
[EventType "tourn (corr)"]
[EventRounds "1"]
[SourceTitle "Corr 2022"]
[Source "ChessBase"]
[SourceDate "2021.10.24"]
[SourceVersion "1"]
[SourceVersionDate "2021.10.24"]
[SourceQuality "1"]

1. d4 f5 2. e4 fxe4 3. Nc3 Nf6 4. f3 d5 5. fxe4 dxe4 6. Bg5 Bf5 7. Bc4 Nc6 8. Nge2 Qd7 9. 0-0 0-0-0 10. d5 Ne5 11. Bb5 c6 12. dxc6 Nxc6 13. Qxd7+ Bxd7 14. Rad1 h6 15. Be3 e5 16. Bxc6 Bxc6 17. Rxd8+ Kxd8 18. Bxa7 Kc7 19. Be3 b5 20. a3 b4 21. axb4 Bxb4 22. h3 Rb8 23. b3 Rf8 24. Ra1 Ra8 25. Rxa8 Bxa8 26. Nb5+ Kd7 27. c4 1-0

[Event "FICGS class C 000016 email"]
[Site "FICGS email"]
[Date "2007.02.13"]
[Round "1"]
[White "Kuuse, Klaus"]
[Black "Musil, Stanislav"]
[Result "0-1"]
[WhiteElo "1959"]
[BlackElo "1900"]
[PlyCount "64"]
[EventDate "2007.??.??"]
[EventType "tourn (corr)"]
[EventRounds "1"]
[SourceTitle "Corr 2022"]
[Source "ChessBase"]
[SourceDate "2021.10.24"]
[SourceVersion "1"]
[SourceVersionDate "2021.10.24"]
[SourceQuality "1"]

1. e4 c5 2. Nf3 Nc6 3. d4 cxd4 4. Nxd4 Qc7 5. Nc3 e6 6. Be2 a6 7. Be3 Na5 8. 0-0 b5 9. Ncxb5 axb5 10. Nxb5 Qd8 11. e5 Ba6 12. b4 Nc6 13. Nd6+ Bxd6 14. exd6 Nxb4 15. Bxa6 Nxa6 16. Qg4 Nf6 17. Qxg7 Rg8 18. Qh6 Nb4 19. Bd4 Rg6 20. Qd2 Nc6 21. f4 Ne4 22. Qe3 Nxd6 23. Bc5 Nf5 24. Qc3 Qf6 25. Qxf6 Rxf6 26. g4 Rg6 27. h3 h5 28. g5 f6 29. Kh2 d6 30. Bb6 Ra3 31. Rfe1 fxg5 32. fxg5 Ne5 0-1

[Event "FICGS class C 000016 email"]
[Site "FICGS email"]
[Date "2007.02.13"]
[Round "1"]
[White "Porkolab, Sandor"]
[Black "Musil, Stanislav"]
[Result "0-1"]
[WhiteElo "2000"]
[BlackElo "1900"]
[PlyCount "74"]
[EventDate "2007.??.??"]
[EventType "tourn (corr)"]
[EventRounds "1"]
[SourceTitle "Corr 2022"]
[Source "ChessBase"]
[SourceDate "2021.10.24"]
[SourceVersion "1"]
[SourceVersionDate "2021.10.24"]
[SourceQuality "1"]

1. e4 Nf6 2. e5 Nd5 3. d4 d6 4. Nf3 Bg4 5. Be2 e6 6. 0-0 a6 7. c4 Nb6 8. exd6 cxd6 9. Nc3 Be7 10. h3 Bh5 11. Re1 0-0 12. d5 e5 13. c5 dxc5 14. g4 Bg6 15. Nxe5 Bf6 16. Nxg6 fxg6 17. Ne4 Bd4 18. d6 Nc6 19. Be3 Kh8 20. Bxd4 cxd4 21. Qb3 Rb8 22. Qg3 Nd5 23. Rac1 Nf4 24. Bf1 Qd7 25. b4 b5 26. a3 Rbe8 27. a4 bxa4 28. b5 Ne5 29. bxa6 d3 30. Re3 a3 31. Nc5 d2 32. Rd1 Qxd6 33. Ne4 Qc6 34. Rxd2 Nc4 35. Bxc4 Qxc4 36. Nc3 g5 37. Rxe8 Rxe8 0-1

[Event "FICGS class C 000015 email"]
[Site "FICGS email"]
[Date "2007.02.05"]
[Round "1"]
[White "Musil, Stanislav"]
[Black "Dudulec, Konstantin"]
[Result "1-0"]
[WhiteElo "1900"]
[BlackElo "1835"]
[PlyCount "77"]
[EventDate "2007.??.??"]
[EventType "tourn (corr)"]
[EventRounds "1"]
[SourceTitle "Corr 2022"]
[Source "ChessBase"]
[SourceDate "2021.10.24"]
[SourceVersion "1"]
[SourceVersionDate "2021.10.24"]
[SourceQuality "1"]

1. Nf3 Nf6 2. g3 b6 3. Bg2 Bb7 4. 0-0 e6 5. d3 d5 6. Nbd2 Nbd7 7. e4 dxe4 8. Ng5 Nc5 9. Ngxe4 Nfxe4 10. Nxe4 Nxe4 11. dxe4 Qxd1 12. Rxd1 e5 13. Be3 Bd6 14. a4 0-0-0 15. a5 Kb8 16. h4 Rhf8 17. h5 Bc6 18. c3 Be7 19. f4 f6 20. b4 Rxd1+ 21. Rxd1 Rd8 22. Rxd8+ Bxd8 23. a6 Be7 24. Kf2 Be8 25. h6 exf4 26. Bxf4 gxh6 27. Bf1 h5 28. Kf3 Kc8 29. Bh3+ Kd8 30. Bf1 Bd7 31. Bd3 Bg4+ 32. Ke3 Kd7 33. Bc4 Bd6 34. Kf2 Bxf4 35. gxf4 h4 36. Bd3 c6 37. c4 Kd6 38. Kg2 h3+ 39. Kh2 1-0

[Event "FICGS class C 000015 email"]
[Site "FICGS email"]
[Date "2007.02.05"]
[Round "1"]
[White "Porkolab, Sandor"]
[Black "Musil, Stanislav"]
[Result "1/2-1/2"]
[WhiteElo "2000"]
[BlackElo "1900"]
[PlyCount "69"]
[EventDate "2007.??.??"]
[EventType "tourn (corr)"]
[EventRounds "1"]
[SourceTitle "Corr 2022"]
[Source "ChessBase"]
[SourceDate "2021.10.24"]
[SourceVersion "1"]
[SourceVersionDate "2021.10.24"]
[SourceQuality "1"]

1. e4 c5 2. Nc3 d6 3. g3 Nc6 4. Bg2 g6 5. d3 Bg7 6. Be3 f5 7. Nge2 Nf6 8. 0-0 0-0 9. h3 e5 10. Qd2 Nd4 11. Bg5 Be6 12. exf5 gxf5 13. Nxd4 cxd4 14. Nd5 Qd7 15. Nxf6+ Bxf6 16. f4 Qg7 17. Rae1 Bxg5 18. fxg5 h6 19. h4 hxg5 20. hxg5 Rf7 21. c3 dxc3 22. bxc3 Qg6 23. Rb1 Rb8 24. a4 Rg7 25. Kf2 b6 26. a5 Kf7 27. axb6 axb6 28. Rb5 Qxg5 29. Qxg5 Rxg5 30. Rh1 Rg7 31. Rh6 Rg6 32. Rh7+ Rg7 33. Rh6 Rg6 34. Rh7+ Rg7 35. Rh6 1/2-1/2

[Event "FICGS class C 000014 email"]
[Site "FICGS email"]
[Date "2007.01.23"]
[Round "1"]
[White "Musil, Stanislav"]
[Black "Oliveira, Carlos"]
[Result "1-0"]
[WhiteElo "1900"]
[BlackElo "1981"]
[PlyCount "33"]
[EventDate "2007.??.??"]
[EventType "tourn (corr)"]
[EventRounds "1"]
[SourceTitle "Corr 2022"]
[Source "ChessBase"]
[SourceDate "2021.10.24"]
[SourceVersion "1"]
[SourceVersionDate "2021.10.24"]
[SourceQuality "1"]

1. Nf3 c6 2. c4 d5 3. g3 dxc4 4. Bg2 Nf6 5. Qc2 b5 6. b3 cxb3 7. axb3 Bb7 8. Ba3 a5 9. 0-0 b4 10. Bb2 e6 11. d3 Be7 12. Nbd2 0-0 13. Nc4 c5 14. Rfd1 Nc6 15. e3 Qc7 16. Nfe5 Nxe5 17. Bxe5 1-0

[Event "FICGS W-ch st1 g06 email"]
[Site "FICGS email"]
[Date "2007.01.16"]
[Round "1"]
[White "Oliveira, Carlos"]
[Black "Musil, Stanislav"]
[Result "0-1"]
[WhiteElo "1981"]
[BlackElo "1900"]
[PlyCount "34"]
[EventDate "2007.??.??"]
[EventType "tourn (corr)"]
[EventRounds "8"]
[SourceTitle "Corr 2022"]
[Source "ChessBase"]
[SourceDate "2021.10.24"]
[SourceVersion "1"]
[SourceVersionDate "2021.10.24"]
[SourceQuality "1"]

1. b3 f5 2. Bb2 Nf6 3. Bxf6 exf6 4. e3 d5 5. d4 Bd6 6. Bd3 Nc6 7. Ne2 0-0 8. c3 Qe8 9. 0-0 Qh5 10. h3 Ne7 11. Nd2 c6 12. Nf4 Qh6 13. Qf3 Bd7 14. c4 g5 15. Qh5 Qg7 16. Ne2 Be8 17. Qf3 g4 0-1